| 000 | 00945nam a2200241Ia 4500 | ||
|---|---|---|---|
| 003 | GCL | ||
| 005 | 20240530110858.0 | ||
| 008 | 140319s2009 le b 001 0 ara d | ||
| 020 | _a9789953822570 | ||
| 040 |
_aGCL / _cGCL |
||
| 082 | 0 | 4 |
_a303.44/ _bب ج |
| 100 | 0 | _aباسل البستانى | |
| 245 | 1 | 0 |
_aجدلية نهج التنمية البشرية المستدامة : _bمنابع التكوين وموانع التمكين / _cباسل البستانى |
| 250 | _aط1 | ||
| 260 |
_aبيروت : _bمركز دراسات الوحدة العربية، _c2009. |
||
| 300 |
_a271 ص. ؛ _c24 سم. |
||
| 490 |
_aمركز دراسات الوحده العربية _v0 |
||
| 504 | _aيشتمل على ارجاعات ببليوجرافية وفهرس | ||
| 650 | 0 | 7 |
_aالتخطيط الاجتماعى _2qrmak |
| 650 | 0 | 7 |
_aالتنمية الاجتماعية _2qrmak |
| 650 | 0 | 7 |
_aالتنمية البشرية _2qrmak |
| 942 |
_2ddc _cBK |
||
| 999 |
_c66084 _d66084 |
||